Kızgın asfaltta adım adım adalet yürüyüşü (Kayıt no. 8468)
[ düz görünüm ]
| 000 -BAŞLIK | |
|---|---|
| Sabit Uzunlukta Kontrol Alanı | 01206na a2200337 4500 |
| 001 - KONTROL NUMARASI | |
| Denetim Alanı | 23395 |
| 003 - KONTROL NUMARASI IDENTIFIER | |
| Denetim Alanı | MIRAKIL |
| 005 - SON İŞLEM TARİHİ VE ZAMANI | |
| Denetim Alanı | 20181213155214.0 |
| 008 - SABİT-BOY VERİ ELEMANLARI - GENEL BİLGİLER | |
| Sabit Uzunlukta Kontrol Alanı | 170929b tu 000 0 |
| 040 ## - KATALOGLAMA KAYNAK | |
| Orijinal Kataloglama Ajansı | Milas |
| Kataloglama Dili | tur |
| Metne Dönüştürmek Ajansı | TR-AnCHP |
| 041 ## - DİL KODU | |
| Metin / Ses Parça Veya Ayrı Başlığın Dil Kodu | tur |
| 082 ## - DEWEY ONLU SINIFLANDIRMA NUMARASI | |
| Sınıflandırma Numarası | CHP 324.2172 |
| Ürün Numarası | K49 2017 |
| 090 ## - SINIFLAMA NUMARASI | |
| Sınıflama Numarası | CHP 324.2172 K49 2017 |
| 245 ## - BAŞLIK TABLOSU | |
| Başlık | Kızgın asfaltta adım adım adalet yürüyüşü |
| Sorumluluk Tablosu, Vb | Editör Cengiz Kahraman ; yrd editör Önder Kömür ; fotoğraflar Şaban Gökmen, Ziya Köseoğlu |
| 246 ## - UNVAN FORM VARYING | |
| Başlık Doğru / Kısa Başlığı | Adalet Yürüyüşü |
| 260 ## - YAYIN, DAĞITIM, VB | |
| Yayın, Dağıtım, Vb Yeri | İstanbul |
| Yayıncı, Dağıtıcı, Vs Adı | Sarıyer Belediyesi |
| Yayın, Dağıtım, Vb Tarihi | 2017 |
| 300 ## - FİZİKSEL TANIM | |
| Kapsam | 215 s. |
| Diğer Fiziksel Ayrıntıları | fotğ. |
| Boyutlar | 26 sm. |
| 500 ## - GENEL NOT | |
| Genel Not | Dış kapakta yapıt adı: Hak, Hukuk, Adalet yolunda onurlu yürüyüş. |
| 650 ## - KONU KATMA GİRİŞ - TOPİKAL DÖNEM | |
| Topikal Süreli Veya Coğrafi Ad Giriş Elemanı | Toplumsal hareketler |
| Genel Alt Bölümü | Adalet yürüyüşü, 2017 |
| Kronolojik Alt Bölümü | Fotoğraflar |
| 650 ## - KONU KATMA GİRİŞ - TOPİKAL DÖNEM | |
| Topikal Süreli Veya Coğrafi Ad Giriş Elemanı | CHP |
| Genel Alt Bölümü | Adalet yürüyüşü |
| Kronolojik Alt Bölümü | 2017 |
| 650 ## - KONU KATMA GİRİŞ - TOPİKAL DÖNEM | |
| Topikal Süreli Veya Coğrafi Ad Giriş Elemanı | Siyaset ve yönetim |
| Genel Alt Bölümü | Türkiye |
| 700 ## - KATMA GİRİŞ - KİŞİSEL İSİM | |
| Kişisel Ad | Köseoğlu, Ziya |
| Relator Terim | fotg. |
| 700 ## - KATMA GİRİŞ - KİŞİSEL İSİM | |
| Kişisel Ad | Gökmen, Şaban |
| Relator Terim | fotg. |
| 700 ## - KATMA GİRİŞ - KİŞİSEL İSİM | |
| Kişisel Ad | Kömür, Önder |
| Relator Terim | yrd. ed. |
| 700 ## - KATMA GİRİŞ - KİŞİSEL İSİM | |
| Kişisel Ad | Kahraman, Cengiz |
| Relator Terim | ed. |
| 740 ## - KATMA GİRİŞ - KONTROLSUZ İLGİLİ / ANALİTİK BAŞLIK | |
| Kontrol Edilmeyen / İlgili Analitik Başlıktaki | Kılıçdaroğlu adalet yürüyüşü |
| 942 ## - EKLENDİ GİRİŞ ELEMANLARI (KOHA) | |
| Sınıflandırma Veya Raf Düzeni Kaynak | Dewey Decimal Classification |
| Koha Öğesi Türü | Kitaplar |
| 999 ## - SİSTEM KONTROL NUMARALARI (KOHA) | |
| Koha Biblionumber | 8468 |
| Koha Biblioitemnumber | 8468 |
| 657 ## - INDEX SÜRE - İŞLEVİ | |
| -- | Hak, Hukuk, Adalet |
| 657 ## - INDEX SÜRE - İŞLEVİ | |
| -- | Adalet Arayışı |
| 657 ## - INDEX SÜRE - İŞLEVİ | |
| -- | Maltepe mitingi |
| Kalıcı Konum | Mevcut Konum | Edinme Tarihi | Edinim Kaynak | Toplam Check-Out'Lar | Tam Çağrı Numarası | Barkod | Tarih Son Görülme | İtibaren Geçerli Fiyatlar | Koha Öğesi Türü | Kopya Sayısı |
|---|---|---|---|---|---|---|---|---|---|---|
| CHP Kütüphanesi | CHP Kütüphanesi | 09/22/2017 | Bağış | CHP 324.2172 K49 2017 | 017379 | 09/22/2017 | 09/22/2017 | Kitaplar | ||
| CHP Kütüphanesi | CHP Kütüphanesi | 09/29/2017 | Bağış | CHP 324.2172 K49 2017 | 017435 | 09/29/2017 | 09/29/2017 | Kitaplar | k.2 |
